| 000 | 00420nam a2200181Ia 4500 | ||
|---|---|---|---|
| 008 | 221030s9999 xx 000 0 und d | ||
| 020 | _a007049942X | ||
| 041 | _aEnglish | ||
| 082 |
_a105.23 _bLev |
||
| 100 | _aM. Levy | ||
| 245 | 0 |
_aRetailing Management _cby M. Levy, B. A. Weitz |
|
| 250 | _a4th | ||
| 260 |
_bTMH _aNew Delhi _c2003 |
||
| 300 | _a754 | ||
| 650 | _aManagement | ||
| 700 | _aB. A. Weitz | ||
| 942 | _cBK | ||
| 999 |
_c939 _d939 |
||